000
00238nam a22000857a 4500
008
160711b xxu||||| |||| 00| 0 eng d
100
_9
2544
_a
Bansal, R.K
245
_a
Introductions to English Language Teaching
260
_a
Delhi
_b
Oxford
_c
1978
999
_c
2210
_d
2210